The past before us: (Record no. 156983)

MARC details
000 -LEADER
fixed length control field 00636nam a22002057a 4500
005 - DATE AND TIME OF LATEST TRANSACTION
control field 20180905143338.0
010 ## - LCCN (DPL NO)
LC control number ENG-124110
020 ## - INTERNATIONAL STANDARD BOOK NUMBER
International Standard Book Number 9788178243979
Terms of availability 1095.00
035 ## - SYSTEM CONTROL NUMBER
System control number EN-107642
037 ## - SOURCE OF ACQUISITION
Source of stock number/acquisition DBAD/PUB
082 ## - DEWEY DECIMAL CLASSIFICATION NUMBER
Classification number 954.0
100 ## - MAIN ENTRY--PERSONAL NAME
Personal name Thapar, Romila
245 ## - TITLE STATEMENT
Title The past before us:
Statement of responsibility, etc by Romila Thapar
Remainder of title historical traditions of early north india /
250 ## - EDITION STATEMENT
Edition statement 3rd ed.
260 ## - PUBLICATION, DISTRIBUTION, ETC. (IMPRINT)
Place of publication, distribution, etc Ranikhet
Name of publisher, distributor, etc Permanent Black
Date of publication, distribution, etc 2016
270 ## - ADDRESS
Address Himalayana, Mall Road, Ranikhet Cantt.
City Ranikhet
Postal code 263645
300 v# - PHYSICAL DESCRIPTION
Extent xvii,758p.
Dimensions 21cm(pbk)
500 ## - GENERAL NOTE
General note It includes bibliography and index
942 ## - ADDED ENTRY ELEMENTS (KOHA)
Source of classification or shelving scheme Dewey Decimal Classification
Item type English Books
Call number suffix 954.01
Classification part THA
Holdings
Withdrawn status Lost status Not for loan Collection code Home library Current library Date acquired Source of acquisition Cost, normal purchase price Full call number Barcode Copy number Cost, replacement price Koha item type
    Not For Loan Non-fiction D.B.Act.Division Bawana 05/09/2018 DBAD/PUB 1095.00 THA 954.01 EN-107642 1 1095.00 English Books

© Delhi Public Library
Hit Counter
free hit counter